000 00953cab a2200265 4500
001 ABS55570
008 090401t1996 xxu||||| |||| 00| 0 eng d
035 _a(Sirsi) u17368
041 _aeng
100 _aIsles, M
245 _aQuarrying sustainability
260 _c1996
350 _a0
490 _aQuarry Management
_v23(7) July 1996, 27-30(4)
520 _aConsiders the `green motivation` in the quarrying industry, arguing that the need for raw materials and a sustainable environment are compatible concerns. Cites the BACMI Environment Code and Environmental Award Scheme as key sources of commitment for future environmental care.
650 _aAGGREGATES
650 _aBACMI ENVIRONMENTAL AWARD SCHEME
650 _aBACMI ENVIRONMENTAL CODE
650 _aQUARRYING
650 _aSustainability
_96271
690 _aENVIRONMENTAL AND LAND CONSULTANCY
690 _aMINING AND MINERALS
942 _n0
948 _c04/03/1997
999 _c11518
_d11518